Una aldea /

I tiakina i:
Ngā taipitopito rārangi puna kōrero
Kaituhi matua: Bunin, Iván (autor)
Hōputu: Pukapuka
Reo:Pāniora
I whakaputaina: Madrid, España : Calpe, 1923, c1923
Rangatū:(Colección Universal ; 801, 802, 803)
Ngā marau:
Ngā Tūtohu: Tāpirihia he Tūtohu
Kāore He Tūtohu, Me noho koe te mea tuatahi ki te tūtohu i tēnei pūkete!

MARC

LEADER 00000nam^a2200000^a^4500
001 000142558
005 20250526000000.0
009 20260310095653.519
037 |a Acervo ITESO - Biblioteca 
041 |a ESP 
082 |a 891. 7  |b BUN 
100 |a Bunin, Iván  |e (autor) 
240 1 5 |a [Una aldea] 
245 1 3 |a Una aldea /  |c I. Bunin ; tr. por Tatiana Enco de Valero. 
264 4 |a Madrid, España :  |b Calpe,  |c 1923, c1923 
300 |a 269 p. ;  |c 15.0 cm. 
336 |a texto  |b txt  |2 rdacontenido 
337 |a sin mediación  |b n  |2 rdamedio 
338 |a volumen  |b nc  |2 rdasoporte 
440 1 |a (Colección Universal ;  |v 801, 802, 803) 
500 |a Traducción de: Derévnya 
586 |a Premio Nobel de Literatura 1933 
649 |a XX 
650 |a Campesinos en la Literatura 
650 |a Campesinos Rusos -  |x Condiciones Sociales y Culturales 
650 |a Campesinos Rusos -  |x Historia -  |y Nicolás II, 1894-1917 
650 |a Novela Rusa 
650 |a Realismo en la Literatura -  |z Rusia 
650 |a Literatura Rusa -  |y Siglo XX 
650 |a Zonas Rurales en la Literatura 
650 |a Zonas Rurales -  |z Rusia -  |x Condiciones Sociales y Culturales 
650 |a Zonas Rurales -  |z Rusia -  |x Historia -  |y Nicolás II, 1894-1917 
650 |a Rusia -  |x Historia -  |y Revolución, 1905-1907 
650 |a Rusia -  |x Historia -  |y Nicolás II, 1894-1917 
650 |a Rusia -  |x Historia -  |y Siglo XX 
650 |a Rusia -  |x Historia -  |y Casa Romanov, 1613-1917 
650 |a Rusia -  |x Historia -  |y Período Zarista, 1462-1917 
910 |a Fondo Salvador Reynoso Reynoso 
920 |a Impresos - Libros 
930 |a Libros Antiguos y Raros 
940 |a Literatura 
905 |a 108 
901 |a 0800015490  |b IT2  |c LRA  |u 20250526 
902 |a https://opac.biblio.iteso.mx/vufind/Record/000142558